Угадай композитора по фото - Statistics

General Stats
  • This quiz has been taken 166 times
  • The average score is 11 of 30
Answer Stats
Picture Answer % Correct
Вольфганг Амадей Моцарт
93%
Людвиг ван Бетховен
89%
Иоганн Себастьян Бах
87%
Пётр Чайковский
85%
Антонио Вивальди
61%
Михаил Глинка
56%
Модест Мусоргский
52%
Фредерик Шопен
50%
Сергей Рахманинов
47%
Франц Шуберт
39%
Николай Римский-Корсаков
36%
Рихард Вагнер
34%
Сергей Прокофьев
34%
Дмитрий Шостакович
32%
Эдвард Григ
28%
Арам Хачатурян
27%
Александра Пахмутова
27%
Иоганн Штраус
26%
Джузеппе Верди
22%
Александр Бородин
20%
Игорь Стравинский
18%
Ханс Циммер
15%
Иоганнес Брамс
14%
Феликс Мендельсон
13%
Клод Дебюсси
12%
Георгий Свиридов
11%
Михаил Таривердиев
6%
Людовико Эйнауди
6%
Антон Рубинштейн
5%
Исаак Дунаевский
4%
No matching quizzes found
Score Distribution
Percent of People with Each Score
Percentile by Number Answered
Your Score History
You have not taken this quiz